00800nam a2200145 i 4500001000700000003000900007005001700016008004100033100005700074245005200131260006100183300009000244505027900334852004100613162983ES-MaACL20250722063155.0020919s1860 fr |||| | fre d1 aRavignan, Gustave-Xavier de La Croix de, d1795-185810aConférences du Réverend Pére de Ravignan. aParis : bPoussielgue-Rusand, c1860 (eTours : fMame.) a4 v. (VII, 544 p. [1] h. de lám. plegada ms. ; 630 p. ; 596 p. ; 655 p.) ; c23 cm.8 aContiene: I. Conférences prêchées a notre-dame de Paris de 1837 a 1846 - II. Conférences prêchées a notre-dame de Paris de 1837 a 1846 - III. Conférences prêchées a notre-dame de Paris de 1837 a 1846 - IV. Le décalogue considéré comme loi de respect.4 aES-MaACLjG-8326-29 z- Enc. hol.